00746cam a2200229 a 4500001000500000005001700005008004100022020001500063040002300078050002300101082001400124100003200138245007200170260003500242300003700277505000800314520008900322521002000411521002000431650005200451650001300503105120230815140355.0820222s1981 nyua j 000 1 eng  a0448474913 aDLCcDLCdDLCbeng00aPZ7.P4445bLi 196800a[Fic]2191 aPeterson, John,d1924-2002.14aThe Littles to the rescue :bstory and pictures /cby John Peterson aNew York :bScholastic,c1968. a94 pages :billustrationsc20 cm aO  aA family of tiny people experiences a crisis when a baby is born during a snowstorm. a630 bLexile  aO bRaz-Plus  0aLittle family (Fictitious characters)vFiction. 1aFantasy.